000 00514nam a2200181Ia 4500
008 220204s9999 xx 000 0 und d
082 _a581.5.4
_bALS
245 0 _aStress responses in plants: Adaptation and acclimation mechanisms
260 _aNew York
_bJohn Wiley
_c1990
490 _aPlant Biology V 12
650 _aEthylene
650 _aPlant acclimatization
650 _aPlants adaptation
650 _aStress response
700 _aAlscher, Ruth G
700 _aCumming, Jonathan R
942 _cBK
999 _c40356
_d40356